| 000 | 00743nam a2200205 i 4500 | ||
|---|---|---|---|
| 001 | 11523 | ||
| 003 | ES-MaACL | ||
| 005 | 20230906150123.0 | ||
| 007 | t| | ||
| 008 | 960626s1995 sp |||| | spa d | ||
| 020 | _a84-8150-073-9 | ||
| 080 | _a351.74(460)(091) | ||
| 100 | 1 |
_aTurrrado Vidal, Martín. _9111761 |
|
| 245 | 1 | 3 |
_aLa policía en la historia contemporánea de España _b: (1766-1986) / _cMartín Turrado Vidal. |
| 260 |
_aMadrid : _bMinisterio de Justicia e Interior, Secretaría General Técnica, _c[1995] |
||
| 300 |
_a488 p. ; _c24 cm. |
||
| 650 | 1 | 4 |
_aPolicía- _zEspaña- _xHistoria. _916259 |
| 710 | 1 |
_aEspaña. _bMinisterio de Justicia e Interior. _93899 |
|
| 852 |
_aES-MaACL _jL-18957 _z. - Dedicatoria autógrafa del autor |
||
| 999 |
_c11523 _d11523 |
||